Collins international primary maths workbook 6 / (Record no. 10064)

MARC details
000 -LEADER
fixed length control field 01083nam a22002177a 4500
001 - CONTROL NUMBER
control field 10064
003 - CONTROL NUMBER IDENTIFIER
control field FISKH
005 - DATE AND TIME OF LATEST TRANSACTION
control field 20260402162339.0
008 - FIXED-LENGTH DATA ELEMENTS--GENERAL INFORMATION
fixed length control field 260402b cb ||||| |||| 00| 0 eng d
020 ## - INTERNATIONAL STANDARD BOOK NUMBER
International Standard Book Number 9780008160043
040 ## - CATALOGING SOURCE
Original cataloging agency FISKH
Language of cataloging eng
Transcribing agency FISKH
Modifying agency FISKH
082 ## - DEWEY DECIMAL CLASSIFICATION NUMBER
Classification number 510.76
100 ## - MAIN ENTRY--PERSONAL NAME
Personal name Clarke, Peter
245 ## - TITLE STATEMENT
Title Collins international primary maths workbook 6 /
260 ## - PUBLICATION, DISTRIBUTION, ETC.
Place of publication, distribution, etc. London :
Name of publisher, distributor, etc. Harpercollins,
Date of publication, distribution, etc. 2016.
300 ## - PHYSICAL DESCRIPTION
Extent 123 pages :
Other physical details color illustrations ;
Dimensions 27 cm
520 ## - SUMMARY, ETC.
Summary, etc. Collins International Primary Maths supports best practice in primary maths teaching, whilst encouraging teacher professionalism and autonomy. A wealth of supporting digital assets are provided for every lesson, including slideshows, animations, tools and games to ensure they are rich, lively and engaging. Each Workbook page has three levels of challenge which allow learners to practise and consolidate their newly acquired knowledge, skills and understanding of the mathematics they are learning.
650 ## - SUBJECT ADDED ENTRY--TOPICAL TERM
Topical term or geographic name entry element Mathematic Book
Form subdivision Secondary
942 ## - ADDED ENTRY ELEMENTS (KOHA)
Source of classification or shelving scheme Dewey Decimal Classification
Koha item type Books
Suppress in OPAC No
Holdings
Withdrawn status Lost status Source of classification or shelving scheme Damaged status Not for loan Collection Home library Current library Shelving location Date acquired Total Checkouts Full call number Barcode Date last seen Copy number Price effective from Koha item type
    Dewey Decimal Classification     Reference Footprints International School Library Network Toul Tom Poung Campus Footprints International School Library Network Toul Tom Poung Campus Librarian's Shelf TTP 04/02/2026   CLA 510.76 2026-0445 04/02/2026 1 04/02/2026 Books